富士ゼロックス20年の歩み : 1962-1982 History of Fuji Xerox, 1962-1982
Saved in:
| Corporate Author: | |
|---|---|
| Format: | Book |
| Language: | Undetermined |
| Published: |
東京
富士ゼロックス
1983
|
| Subjects: | |
| Tags: |
Add Tag
No Tags, Be the first to tag this record!
|
| Institutions: | Trung tâm Học liệu Trường Đại học Cần Thơ |
|---|
| LEADER | 00624nam a2200205Ia 4500 | ||
|---|---|---|---|
| 001 | CTU_93480 | ||
| 008 | 210402s9999 xx 000 0 und d | ||
| 082 | |a 338.8 | ||
| 082 | |b F961 | ||
| 110 | |a 富士ゼロックス社史編纂委員会 | ||
| 245 | 0 | |a 富士ゼロックス20年の歩み : 1962-1982 | |
| 245 | 0 | |b History of Fuji Xerox, 1962-1982 | |
| 245 | 0 | |c 富士ゼロックス社史編纂委員会 | |
| 260 | |a 東京 | ||
| 260 | |b 富士ゼロックス | ||
| 260 | |c 1983 | ||
| 650 | |a Corporations | ||
| 650 | |x Japan | ||
| 904 | |i Ngoc | ||
| 980 | |a Trung tâm Học liệu Trường Đại học Cần Thơ | ||